أردنيون و الرأي الآخر : الجواد الأردني في السباق الوحدوي / (رقم التسجيلة. 79712)

تفاصيل مارك
000 -LEADER
fixed length control field 00603nam a22001937a 4500
005 - DATE AND TIME OF LATEST TRANSACTION
control field 20251108172442.0
008 - FIXED-LENGTH DATA ELEMENTS--GENERAL INFORMATION
fixed length control field 250721s9999 xx 000 0 ara d
082 14 - DEWEY DECIMAL CLASSIFICATION NUMBER
Classification number 320.9565/دله
100 1# - MAIN ENTRY--PERSONAL NAME
Personal name أبو دلهوم، ممدوح
245 10 - TITLE STATEMENT
Title أردنيون و الرأي الآخر : الجواد الأردني في السباق الوحدوي /
264 1# - PRODUCTION, PUBLICATION, DISTRIBUTION, MANUFACTURE, AND COPYRIGHT NOTICE
Place of production, publication, distribution, manufacture عمان :
300 ## - PHYSICAL DESCRIPTION
Extent 127ص
490 0# - SERIES STATEMENT
Series statement في المسألة الأردنية
650 17 - SUBJECT ADDED ENTRY--TOPICAL TERM
Topical term or geographic name as entry element الظروف السياسية
650 17 - SUBJECT ADDED ENTRY--TOPICAL TERM
Topical term or geographic name as entry element الأردن
650 17 - SUBJECT ADDED ENTRY--TOPICAL TERM
Topical term or geographic name as entry element الديموقراطية
942 ## - ADDED ENTRY ELEMENTS (KOHA)
Source of classification or shelving scheme Dewey Decimal Classification
Koha item type كتب
المقتنيات
حالة السحب حالة الفقدان مصدر التصنيف حالة التلف غير قابل للإعارة المكتبة الرئيسية المكتبة الحالية موقع الرف تاريخ التزويد Total Checkouts رقم الإستدعاء الباركود تاريخ آخر ظهور تاريخ الفاتورة نوع المادة (كوها) الرقم المتسلسل
    Dewey Decimal Classification     مكتبة أبو علندا العامة مكتبة أبو علندا العامة الإعارة 24/01/2009   320.9565/دله PLD00067495 28/07/2025 24/01/2009 كتب  
    Dewey Decimal Classification     مكتبة صويلح العامة مكتبة صويلح العامة الإعارة 07/07/2019   320.9565/دله PLD00456582 28/07/2025 07/07/2019 كتب 008961
Implemented & Customized by: BBB with SCIT (Smart Chains for Information Technology)

Powered by Koha